Mots avec un double G - Statistiques

Statistiques générales
  • Ce quiz a été pris 59 fois
  • Le résultat moyen est 6 sur 14
Statistiques - réponses
Définition Réponse % Correct
On l'appelle aussi survêt Jogging
91%
Aquatique ou dans un parc, les enfants y glisse dessus Toboggan
91%
Bob Marley à son style bien à lui Reggae
86%
Il est accompagné de cafards dans cette série d'animation Oggy
84%
Du poulet, de la panure et le tour est joué Nugget
63%
Musée incontournable de la ville de Bilbao Guggenheim
57%
Groupe d'habitations constituant une ville indépendamment des limites administratives Agglomération
48%
Petit véhicule motorisé tout terrain Buggy
46%
Prénom du professeur McGonagall dans Harry Potter Maggie
21%
Édifice religieux mésopotamien à degrés Ziggourat
13%
On en fait une lorsque l'on conseille quelqu'un Suggestion
11%
En psychiatrie c'est une sensation susceptible de faire revivre un traumatisme psychologique Trigger
2%
Sous-espèce disparue de zèbre d'Afrique du Sud Couagga
0%
Glycoprotéine antigénique présente à la surface du virus de la grippe Hémagglutinine
0%
Aucun quiz correspondant
Distribution des résultats
% des personnes avec chaque résultat
Percentile par nombre de réponses
Votre historique - résultats
Vous n’avez pas pris ce quiz